• 首页
  • 本馆介绍
  • 公告通知
  • 最新文献
  • 馆藏检索
  • 电子资源
  • 读者导购
  • 参考咨询
  • 我的图书馆
  • 登录
  • 详细信息显示
  • 放入我的书架
  • 预约/预借图书
  • 作者相关作品
  • 分类相关作品
  • 丛书相关作品
  • 出版社相关作品

书目信息

  • 表格格式
  • 工作单格式
  • 卡片格式
题名:
环境管理体系的建立与内部审核
    
 
作者: 李春田 主编
分册:  
出版信息: 北京   中国标准出版社  2001.08
页数: 206页
开本: 26cm
丛书名: ISO14000认证咨询丛书
单 册:
中图分类: X-651
科图分类:
主题词: 环境堡--环境标准 , 环境标准
电子资源:
ISBN: 7-5066-2470-2
000 00752nam0 2200241 450
001 0762853183
005 20080106143219.94
010    @a7-5066-2470-2@dCNY45.00
100    @a20071228d2001 km y0chiy0120 ea
101 0  @achi
102    @aCN@b110000
200 1  @a环境管理体系的建立与内部审核@Ahuan jing guan li ti xi de jian li yu nei bu shen he@f李春田主编@Fli chun tian zhu bian
210    @a北京@c中国标准出版社@d2001.08
215    @a206页@d26cm
225 2  @aISO14000认证咨询丛书
410  0 @12001 @aISO14000认证咨询丛书
606 0  @a环境堡@x环境标准
606 0  @a环境标准
690    @aX-651@v4
701  0 @a李春田@Ali chun tian@4主编
801  0 @aCN@b大连网信软件有限公司图书馆@c20080106
905    @aBZT@dX-651@e2
906    @dCNY45.00@n0@r1
    
    环境管理体系的建立与内部审核/李春田主编.-北京:中国标准出版社,2001.08
    206页;26cm.-(ISO14000认证咨询丛书)
    
    
    ISBN 7-5066-2470-2:CNY45.00
    
●
相关链接 在五车中查询图书 在当当中查询图书 在豆瓣中查询图书


正题名:环境管理体系的建立与内部审核     索取号:X-651/2         预约/预借

序号 登录号 条形码 馆藏地/架位号 状态 备注
1 623440   2000623440   中心书库北库/ 北库003架A面3列3层12/ [索取号:X-651/2] 在馆    
2 623441   2000623441   中心书库北库/ 北库003架A面3列3层11/ [索取号:X-651/2] 在馆    
3 623442   2000623442   中心书库北库/ 北库003架A面3列3层15/ [索取号:X-651/2] 在馆    
4 623443   2000623443   中心书库北库/ 北库003架A面3列3层14/ [索取号:X-651/2] 在馆    
5 623444   2000623444   中心书库北库/ 北库003架A面3列3层13/ [索取号:X-651/2] 在馆    
6 623445   2000623445   中心书库北库/ 北库003架A面3列3层20/ [索取号:X-651/2] 在馆    
7 623446   2000623446   中心书库北库/ 北库003架A面3列3层19/ [索取号:X-651/2] 在馆    
8 623447   2000623447   中心书库北库/ 北库003架A面3列3层18/ [索取号:X-651/2] 在馆    
9 623448   2000623448   中心书库北库/ 北库003架A面3列3层17/ [索取号:X-651/2] 在馆    
10 623449   2000623449   中心书库北库/ 北库003架A面3列3层16/ [索取号:X-651/2] 在馆    
山东省滨州职业学院图书馆 欢迎您!
大连网信软件有限公司© 版权所有